Dzielnice Gdańska z najmniejszą populacją - Statystyki

Ogólne statystyki
  • Ten quiz został rozwiązany 11 razy
  • Średni wynik to 7 z 10
Statystyki odpowiedzi
Lp. l. ludności Odpowiedź % Poprawnych
6 3 171 Wyspa Sobieszewska
80%
4 2 310 Wzgórze Mickiewicza
80%
8 3 553 Letnica
70%
5 2 757 Olszynka
70%
7 3 392 Przeróbka
70%
1 873 Rudniki
70%
9 3 621 VII Dwór
70%
3 2 263 Młyniska
60%
2 1 554 Krakowiec-Górki Zachodnie
50%
10 4 074 Aniołki
40%
Nie znaleziono quizów pasujących do podanych kryteriów
Rozkład punktacji
Procent ludzi z każdym wynikiem
Percentyl według liczby udzielonych odpowiedzi
Twoja historia wyników
Nie rozwiązałeś tego quizu